Neapol - quiz wielokrotnego wyboru - Statystyki

Ogólne statystyki
  • Ten quiz został rozwiązany 612 razy
  • Średni wynik to 7 z 10
Statystyki odpowiedzi
Zagadnienie Odpowiedź % Poprawnych
Jakie rzymskie miasto zostało zniszczone w wyniku wybuchu powyższego wulkanu? Pompeje
97%
Jak nazywa się tradycyjna pizza z pomidorem, mozzarelą i bazylią? Margherita
92%
Jak nazywa się jedyny czynny wulkan leżący bezpośrednio na kontynencie europejskim? Wezuwiusz
87%
Który z poniższych znanych piłkarzy grał w SSC Napoli? Diego Maradona
85%
W jakim regionie Włoch położony jest Neapol? Kampanii
67%
Która z poniższych wysp położona jest w Zatoce Neapolitańskiej? Capri
65%
Jaki kryzys spowodował, że w 1994 roku rząd regionalny ogłosił stan wyjątkowy, za który wielu obwiniało zorganizowaną przestępczość? Nagromadzenia śmieci na ulicach
57%
Kto założył Neapol? Grecy
43%
Który król Polski wziął ślub w Neapolu? Zygmunt I Stary
38%
Jaki film z 2010 roku przyciągnął tłumy turystów do Pizzerii da Michele? Jedz, módl się, kochaj
35%
Nie znaleziono quizów pasujących do podanych kryteriów
Rozkład punktacji
Procent ludzi z każdym wynikiem
Percentyl według liczby udzielonych odpowiedzi
Twoja historia wyników
Nie rozwiązałeś tego quizu